Homenaje a Llorens Artigas. (Record no. 189480)

MARC details
000 -LEADER
campo de control de longitud fija 00912nam a2200253 i 4500
001 - NÚMERO DE CONTROL
campo de control 189480
003 - IDENTIFICADOR DE NÚMERO DE CONTROL
campo de control ES-MaACL
005 - FECHA Y HORA DE LA ÚLTIMA TRANSACCIÓN
campo de control 20251216165940.0
008 - DATOS DE LONGITUD FIJA--INFORMACIÓN GENERAL
campo de control de longitud fija 190604s1976 sp a |||| |dspa d
100 1# - ENTRADA PRINCIPAL--NOMBRE DE PERSONA
Nombre de persona Llorens Artigas, Josep,
Fechas asociadas al nombre 1892-1981
9 (RLIN) 72886
245 10 - MENCIÓN DEL TÍTULO
Título Homenaje a Llorens Artigas.
246 3# - FORMA VARIANTE DEL TITULO
Título propio/Titulo breve Llorens Artigas, Miró-Artigas
Resto del título : Elena Colmeiro, Cumella, Mestre, Pascual, Elisenda Sala, Vigreyos
260 ## - PUBLICACIÓN, DISTRIBUCIÓN, ETC.
Lugar de publicación, distribución, etc. Madrid :
Nombre del editor, distribuidor, etc. Galería Ponce,
Fecha de publicación, distribución, etc. 1976.
300 ## - DESCRIPCIÓN FÍSICA
Extensión 33 p. :
Otras características físicas il. ;
Dimensiones 24 cm.
600 14 - PUNTO DE ACCESO ADICIONAL DE MATERIA--NOMBRE DE PERSONA
Nombre de persona Llorens Artigas, Josep,
Fechas asociadas al nombre 1892-1981
9 (RLIN) 72886
600 04 - PUNTO DE ACCESO ADICIONAL DE MATERIA--NOMBRE DE PERSONA
Nombre de persona Miró, Joan,
Fechas asociadas al nombre 1893-1983-
Subdivisión de forma Exposiciones
9 (RLIN) 81605
600 14 - PUNTO DE ACCESO ADICIONAL DE MATERIA--NOMBRE DE PERSONA
Nombre de persona Colmeiro, Elena-
Subdivisión de forma Exposiciones.
9 (RLIN) 39765
600 14 - PUNTO DE ACCESO ADICIONAL DE MATERIA--NOMBRE DE PERSONA
Nombre de persona Cumella, Antoni.
9 (RLIN) 143726
650 #4 - PUNTO DE ACCESO ADICIONAL DE MATERIA--TÉRMINO DE MATERIA
Término de materia o nombre geográfico como elemento de entrada Cerámica-
Subdivisión de forma Exposiciones.
9 (RLIN) 10890
655 #7 - TERMINO DE INDIZACIÓN--GENERO/FORMA
Fuente del término tgfbne
9 (RLIN) 193628
Datos o término principal de género/forma Catálogos de exposiciones
852 ## - LOCALIZACIÓN
Ubicación ES-MaACL
Número de control de estantería 2340-F-30
942 ## - ELEMENTOS DE ENTRADA SECUNDARIOS (KOHA)
Fuente del sistema de clasificación o colocación Clasificación decimal universal
Holdings
Estatus retirado Estado de pérdida Estado de daño No para préstamo Colección Biblioteca de origen Biblioteca actual Ubicación en estantería Fecha de adquisición Fuente de adquisición Total de préstamos Signatura topográfica completa Código de barras Visto por última vez Precio de reemplazo Tipo de ítem Koha
        Colección de folletos Biblioteca del Ateneo de Madrid Biblioteca del Ateneo de Madrid Depósito folletos 04/06/2019     2340-F-30 1200765 23/02/2023 23/02/2023 Folleto